Biggest Cities in Canada - Statistics

General Stats
  • This quiz has been taken 45 times
  • The average score is 13 of 20
Answer Stats
Population City % Correct
1.763.000 Montreal
100%
2.794.000 Toronto
100%
662.000 Vancouver
100%
1.017.000 Ottawa
98%
1.307.000 Calgary
95%
1.008.000 Edmonton
95%
549.000 Quebec City
93%
750.000 Winnipeg
90%
440.000 Halifax
74%
569.000 Hamilton
74%
422.000 London
62%
261.000 Saskatoon
62%
718.000 Mississauga
57%
657.000 Brampton
36%
438.000 Laval
33%
568.000 Surrey
33%
257.000 Kitchener
29%
291.000 Gatineau
24%
338.000 Markham
17%
323.000 Vaughan
12%
No matching quizzes found
Score Distribution
Percent of People with Each Score
Percentile by Number Answered
Your Score History
You have not taken this quiz